Êtes-vous rapide ? Test de rapidité a1,a2,a3 - Statistiques

Statistiques générales
  • Ce quiz a été pris 615 fois
  • Le résultat moyen est 17 sur 40
Statistiques - réponses
Lettre et chiffre Réponse % Correct
A0 A0
98%
A1 A1
97%
A2 A2
93%
A3 A3
93%
A4 A4
90%
A5 A5
90%
A6 A6
88%
A7 A7
87%
A8 A8
86%
A9 A9
85%
B1 B1
67%
B0 B0
66%
B2 B2
65%
B3 B3
61%
B4 B4
57%
B5 B5
53%
B6 B6
49%
B7 B7
45%
B8 B8
42%
B9 B9
39%
C0 C0
26%
C1 C1
26%
C2 C2
24%
C3 C3
24%
C4 C4
23%
C5 C5
21%
C6 C6
19%
C7 C7
17%
C8 C8
16%
C9 C9
14%
D0 D0
9%
D1 D1
9%
D2 D2
8%
D3 D3
8%
D4 D4
7%
D5 D5
7%
D6 D6
6%
D7 D7
5%
D8 D8
4%
D9 D9
4%
Aucun quiz correspondant
Distribution des résultats
% des personnes avec chaque résultat
Percentile par nombre de réponses
Votre historique - résultats
Vous n’avez pas pris ce quiz